000 05487cam a22018134i 4500
003 PE-LiUPU
005 20250813165840.0
008 150706s2009 ag a r 000 0 spa d
020 _a9506415323
020 _a9789506415327
035 _a(Sirsi) i9789506415327
040 _aPE-LiUPU
_bspa
_cPE-LiUPU
_dPE-LiUPU
_erda
049 _aPRUA
082 0 4 _a658.3
_bA47
_221
100 1 _aAlles, Martha Alicia ,
_eautor.
245 1 0 _aCómo llevarme bien con mi jefe :
_by con mis compañeros de trabajo, cómo transformarse en el colaborador que su empresa desea /
_cMatha Alicia Alles.
264 1 _aBuenos Aires :
_bGranica,
_c2009.
300 _a102 páginas :
_bilustraciones ;
_c18 centímetros
336 _atext
_2rdacontent
337 _aunmediated
_2rdamedia
338 _avolume
_2rdacarrier
505 0 _aPrincipales íconos utilizados -- Comenzando por el principio: qué cosas debo comprender para transformarme en el colaborador que mi empresa desea -- Las empresas deben ganar dinero y está bien que así sea -- El número uno o dueño siempre trabaja más -- Si la empresa gana mucho dinero podrá pagar buenos salarios -- Estar comprometido y demostrarlo -- Cómo es un colaborador ideal desde la perspectiva del jefe -- ¡Qué debo conocer para ser el colaborador ideal? -- ¿Cómo lograr ser el colaborador ideal? -- ¿Qué debo conocer para ser el colaborador ideal? -- Todo sobre las relaciones en el trabajo y cómo actuar en cada caso -- Los jefes y sus colaboradores -- ¿Qué significa llevarme bien con mi jefe y compañe3ñros de trabajo? -- Un jefe puede ser al mismo tiempo jefe y colaborador -- Los amigos en el trabajo -- ¿Qué hacer frente a alos temas delicados? -- Los romances de oficina -- El uso de los bienes de la empresa: Internet y correo electrónico -- ¿Cuánto conozco sobre mi organización y acerca de las responsabilidades y objetivos de mi jefe y de mis compañeros? preguntas más frecuentes -- Por qué se evalúa el desempeño -- ¿Qué hacer si me interesa un puesto diferente dentro de mi organización? -- ¿Cómo lograr ser el colaborador ideal? -- ¿Qué espera mi jefe de mí? ¿y la organización? -- Tips prácticos para mejorar la relación con mi jefe.
526 _aP203
526 _aP200
526 _aSEG65
526 _aSEG64
526 _aSEG63
526 _aSEG62
526 _aSEG61
526 _aSEG60
526 _aSEG59
526 _aSEG58
526 _aSEG57
526 _aSEG56
526 _aSEG55
526 _aSEG54
526 _aSEG53
526 _aSEG52
526 _aSEG51
526 _aSEG50
526 _aSEG49
526 _aSEG48
526 _aSEG47
526 _aSEG46
526 _aSEG24
526 _aSEG23
526 _aSEG22
526 _aSEG21
526 _aSEG20
526 _aSEG19
526 _aSEG18
526 _aSEG17
526 _aSEG16
526 _aSEG14
526 _aSEG13
526 _aSEG12
526 _aSEG11
526 _aSEG10
526 _aSEG09
526 _aSEG06
526 _aSEG05
526 _aSEG04
526 _aSEG03
526 _aSEG02
526 _aSEG68
526 _aSEG66
526 _aSEG45
526 _aSEG25
526 _aSEG01
526 _aP163
526 _aP162
526 _aP161
526 _aP160
526 _aP159
526 _aP158
526 _aP157
526 _aP156
526 _aP155
526 _aP154
526 _aP153
526 _aP152
526 _aP151
526 _aP150
526 _aP149
526 _aP142
526 _aP141
526 _aP140
526 _aP139
526 _aP138
526 _aP137
526 _aP132
526 _aP131
526 _aP130
526 _aP126
526 _aP125
526 _aP124
526 _aP123
526 _aP115
526 _aP122
526 _aP121
526 _aP116
526 _a P114
526 _aP112
526 _aP111
526 _aP104
526 _aP103
526 _aP102
526 _aP101
526 _aP100
526 _aP96
526 _aP95
526 _aP93
526 _aP92
526 _aP91
526 _aP88
526 _aP83
526 _aP82
526 _aP79
526 _aP78
526 _aP75
526 _aP74
526 _aP71
526 _aP69
526 _a P51
526 _aP49
526 _aP48
526 _aP47
526 _aP33
526 _aP31
526 _a P30
526 _aP29
526 _aP27
526 _aP26
526 _aP25
526 _aP24
526 _a P22
526 _aP10
526 _aP09
526 _a P08
526 _aP06
526 _aP05
526 _aP04
526 _aP01
541 _g030-0010717;
650 0 4 _aRecursos humanos.
_94110
650 0 4 _aRelaciones laborales.
700 1 _aScalamandré, Gabriela,
_ecoordinador.
910 _agl
_bjv
_clch
_d20110119
942 _2ddc
_cBOOK
949 _a658.3 A47
_wDEWEY
_c1
_i64214
_lCCODEBUL1
_mBUL
_p6.00
_r0
_sY
_tBOOK
_u2015-7-6
_xFCE
_PP04
_o.STAFF. Colección Ciencias Empresariales
994 _aC0
_bPEPRU
596 _a1
999 _a658.3 A47
_wDEWEY
_c53038
_i64214
_d53038
_e2017-6-21
_f2021-12-28
_g5
_lCCODEBUL1
_mBUL
_n1
_p6.00
_r0
_sY
_tBOOK
_u2015-7-6
_xFCE
_zP04
_0COMPRA
_o.STAFF. Colección Ciencias Empresariales
980 _81
_gALBERTO SANCHEZ Responsable de Automatización